000 00435nam a2200157 i 4500
001 94681
003 ES-MaACL
005 20230906181531.0
007 t|
008 050511s1945 xxu ||||1| eng d
100 1 _aLoveridge, George.
_974365
245 1 0 _aNo one's Kindness /
_cGeorge Loveridge.
260 _aNew York :
_bAppleton Century Crofts,
_c1945.
300 _a273 p., 4 h. ;
_c20 cm.
852 _aES-MaACL
_jC-25177
_bR.53961
999 _c94681
_d94681